[Event "Team men PL"]
[Site "Sochi"]
[Date "2020.11.21"]
[Round "3.26"]
[White "Esipenko, Andrey"]
[Black "Kardashevskiy, Evgeny"]
[Result "1-0"]
[BlackElo "2436"]
[WhiteElo "2683"]
[LiveChessVersion "1.4.8"]

1.e4 {[%clk 1:30:57]} e5 {[%clk 1:30:41]} 2.Nf3 {[%clk 1:31:13]}
Nf6 {[%clk 1:30:55]} 3.d4 {[%clk 1:31:22]} Nxe4 {[%clk 1:30:51]}
4.dxe5 {[%clk 1:31:34]} d5 {[%clk 1:30:30]} 5.Nbd2 {[%clk 1:31:48]}
Nc5 {[%clk 1:29:21]} 6.Be2 {[%clk 1:28:45]} Be7 {[%clk 1:28:32]}
7.O-O {[%clk 1:26:07]} O-O {[%clk 1:27:52]} 8.Nb3 {[%clk 1:11:40]}
Nxb3 {[%clk 1:16:48]} 9.axb3 {[%clk 1:11:51]} c5 {[%clk 1:15:47]}
10.c3 {[%clk 0:48:49]} Nc6 {[%clk 1:07:08]} 11.Ra4 {[%clk 0:48:25]}
Be6 {[%clk 0:57:38]} 12.Bd3 {[%clk 0:42:42]} f5 {[%clk 0:41:22]}
13.exf6 {[%clk 0:40:03]} Rxf6 {[%clk 0:38:23]} 14.Ng5 {[%clk 0:29:59]}
h6 {[%clk 0:31:28]} 15.Bh7+ {[%clk 0:28:56]} Kh8 {[%clk 0:29:42]}
16.Nxe6 {[%clk 0:29:21]} Rxe6 {[%clk 0:29:55]} 17.Bb1 {[%clk 0:29:12]}
Ne5 {[%clk 0:19:23]} 18.f4 {[%clk 0:27:26]} Nf7 {[%clk 0:18:13]}
19.Qd3 {[%clk 0:27:32]} Kg8 {[%clk 0:17:06]} 20.g4 {[%clk 0:27:57]}
b5 {[%clk 0:08:12]} 21.Qxb5 {[%clk 0:27:48]} Qb6 {[%clk 0:04:16]}
22.Qxb6 {[%clk 0:27:27]} Rxb6 {[%clk 0:04:38]} 23.Rd1 {[%clk 0:27:51]}
d4 {[%clk 0:04:33]} 24.Be4 {[%clk 0:28:07]} Rd8 {[%clk 0:04:32]}
25.Rxa7 {[%clk 0:28:13]} Bf6 {[%clk 0:03:22]} 26.Rb7 {[%clk 0:11:17]}
Rxb7 {[%clk 0:02:28]} 27.Bxb7 {[%clk 0:11:42]} Kf8 {[%clk 0:02:10]}
28.cxd4 {[%clk 0:10:28]} Bxd4+ {[%clk 0:02:26]} 29.Kg2 {[%clk 0:09:26]}
Nd6 {[%clk 0:02:12]} 30.Bf3 {[%clk 0:09:29]} Rb8 {[%clk 0:01:31]}
31.Bd5 {[%clk 0:09:52]} Re8 {[%clk 0:01:46]} 32.Kf3 {[%clk 0:10:10]}
Rd8 {[%clk 0:01:12]} 33.b4 {[%clk 0:09:47]} Ne8 {[%clk 0:00:34]}
34.Bc4 {[%clk 0:08:49]} cxb4 {[%clk 0:00:47]} 35.Be3 {[%clk 0:09:12]}
Bb6 {[%clk 0:01:03]} 36.Bc5+ {[%clk 0:09:25]} 1-0

[Event "Team men PL"]
[Site "Sochi"]
[Date "2020.11.21"]
[Round "3.27"]
[White "Musalov, Ruslan"]
[Black "Inarkiev, Ernesto"]
[Result "1/2-1/2"]
[BlackElo "2661"]
[WhiteElo "2348"]
[LiveChessVersion "1.4.8"]

1.e4 {[%clk 1:30:42]} c5 {[%clk 1:30:31]} 2.Nf3 {[%clk 1:30:58]}
e6 {[%clk 1:30:48]} 3.g3 {[%clk 1:29:53]} Nc6 {[%clk 1:29:46]}
4.Bg2 {[%clk 1:30:13]} Nf6 {[%clk 1:30:07]} 5.d3 {[%clk 1:29:59]}
d6 {[%clk 1:26:40]} 6.O-O {[%clk 1:30:03]} Be7 {[%clk 1:27:06]}
7.Nbd2 {[%clk 1:25:27]} O-O {[%clk 1:27:18]} 8.Re1 {[%clk 1:24:08]}
e5 {[%clk 1:25:09]} 9.c3 {[%clk 1:23:22]} Re8 {[%clk 1:24:39]}
10.d4 {[%clk 1:15:21]} exd4 {[%clk 1:01:36]} 11.cxd4 {[%clk 1:14:34]}
cxd4 {[%clk 1:02:01]} 12.Nb3 {[%clk 1:13:05]} Bg4 {[%clk 1:02:10]}
13.Nbxd4 {[%clk 1:10:15]} Bf8 {[%clk 1:01:43]} 14.h3 {[%clk 0:46:00]}
Bh5 {[%clk 1:01:03]} 15.Qa4 {[%clk 0:40:08]} d5 {[%clk 0:18:55]}
16.exd5 {[%clk 0:24:24]} Rxe1+ {[%clk 0:18:53]} 17.Nxe1 {[%clk 0:24:46]}
Nb4 {[%clk 0:19:08]} 18.g4 {[%clk 0:18:57]} Bg6 {[%clk 0:18:50]}
19.Bg5 {[%clk 0:19:07]} Qb6 {[%clk 0:08:34]} 20.Rd1 {[%clk 0:17:02]}
Bc5 {[%clk 0:08:55]} 21.Nef3 {[%clk 0:17:09]} Nfxd5 {[%clk 0:06:02]}
22.Re1 {[%clk 0:02:19]} h6 {[%clk 0:05:10]} 23.Re8+ {[%clk 0:02:42]}
Rxe8 {[%clk 0:05:33]} 24.Qxe8+ {[%clk 0:03:06]} Kh7 {[%clk 0:05:54]}
25.Bd8 {[%clk 0:03:17]} Qd6 {[%clk 0:04:57]} 26.Nf5 {[%clk 0:02:13]}
Bxf5 {[%clk 0:03:53]} 27.gxf5 {[%clk 0:02:40]} Qg3 {[%clk 0:03:58]}
28.Bh4 {[%clk 0:03:06]} Qd6 {[%clk 0:00:48]} 29.Qxf7 {[%clk 0:01:33]}
Nd3 {[%clk 0:01:17]} 30.Ng5+ {[%clk 0:01:29]} hxg5 {[%clk 0:01:42]}
31.Bxd5 {[%clk 0:01:55]} gxh4 {[%clk 0:01:11]} 32.Qg8+ {[%clk 0:01:27]}
Kh6 {[%clk 0:01:40]} 33.Qh8+ {[%clk 0:01:49]} Kg5 {[%clk 0:02:09]}
34.Qxg7+ {[%clk 0:02:10]} Kxf5 {[%clk 0:01:42]} 35.Qh7+ {[%clk 0:02:22]}
Kg5 {[%clk 0:01:00]} 36.Qxd3 {[%clk 0:01:46]} Qf4 {[%clk 0:01:19]}
37.Qf3 {[%clk 0:01:19]} b6 {[%clk 0:01:04]} 38.Qxf4+ {[%clk 0:01:00]}
Kxf4 {[%clk 0:01:15]} 39.Kg2 {[%clk 0:01:23]} a5 {[%clk 0:01:42]}
40.a4 {[%clk 0:31:48]} Bd4 {[%clk 0:32:09]} 1/2-1/2

[Event "Team men PL"]
[Site "Sochi"]
[Date "2020.11.21"]
[Round "3.28"]
[White "Sarana, Alexey"]
[Black "Truskavetsky, Alexandr"]
[Result "1-0"]
[BlackElo "2399"]
[WhiteElo "2636"]
[LiveChessVersion "1.4.8"]

1.c4 {[%clk 1:30:56]} e5 {[%clk 1:27:54]} 2.Nc3 {[%clk 1:30:43]}
Nf6 {[%clk 1:21:19]} 3.e3 {[%clk 1:30:29]} d6 {[%clk 1:17:34]}
4.Nf3 {[%clk 1:26:31]} c6 {[%clk 1:15:19]} 5.Be2 {[%clk 1:21:27]}
Be7 {[%clk 1:12:18]} 6.Qc2 {[%clk 1:21:25]} O-O {[%clk 1:11:31]}
7.d4 {[%clk 1:20:47]} Nbd7 {[%clk 1:04:24]} 8.O-O {[%clk 1:20:44]}
Re8 {[%clk 1:03:14]} 9.b3 {[%clk 1:17:02]} Bf8 {[%clk 0:58:43]}
10.Bb2 {[%clk 1:17:12]} a6 {[%clk 0:57:20]} 11.e4 {[%clk 1:15:08]}
b5 {[%clk 0:38:50]} 12.d5 {[%clk 1:11:17]} cxd5 {[%clk 0:34:31]}
13.cxd5 {[%clk 1:11:32]} Bb7 {[%clk 0:23:14]} 14.b4 {[%clk 1:10:27]}
Qb8 {[%clk 0:16:59]} 15.Nd2 {[%clk 1:07:45]} Rc8 {[%clk 0:16:57]}
16.Qb3 {[%clk 1:03:55]} Be7 {[%clk 0:12:50]} 17.a4 {[%clk 1:02:24]}
bxa4 {[%clk 0:13:03]} 18.Nxa4 {[%clk 1:01:50]} Bd8 {[%clk 0:12:16]}
19.Bd3 {[%clk 1:01:32]} Nb6 {[%clk 0:08:01]} 20.Nc3 {[%clk 0:58:47]}
Nfd7 {[%clk 0:08:21]} 21.Ra5 {[%clk 0:57:49]} Ra7 {[%clk 0:06:19]}
22.Rfa1 {[%clk 0:57:09]} Na8 {[%clk 0:06:35]} 23.R5a2 {[%clk 0:56:48]}
Bb6 {[%clk 0:06:46]} 24.Na4 {[%clk 0:53:43]} Bd8 {[%clk 0:05:32]}
25.Nc4 {[%clk 0:44:55]} Nab6 {[%clk 0:05:08]} 26.Naxb6 {[%clk 0:45:20]}
Nxb6 {[%clk 0:05:30]} 27.Na5 {[%clk 0:45:45]} Ba8 {[%clk 0:03:30]}
28.Bc1 {[%clk 0:45:24]} Nd7 {[%clk 0:03:31]} 29.Qa4 {[%clk 0:43:23]}
Bb6 {[%clk 0:01:44]} 30.Nc6 {[%clk 0:41:33]} Bxc6 {[%clk 0:02:07]}
31.dxc6 {[%clk 0:42:01]} Nf6 {[%clk 0:02:25]} 32.Bg5 {[%clk 0:41:08]}
Bd4 {[%clk 0:01:58]} 33.Rc1 {[%clk 0:37:35]} Ne8 {[%clk 0:02:14]}
34.Bxa6 {[%clk 0:35:56]} Nc7 {[%clk 0:01:08]} 35.b5 {[%clk 0:36:25]}
Qb6 {[%clk 0:00:40]} 36.Qd1 {[%clk 0:20:44]} Nxa6 {[%clk 0:00:34]}
37.Qg4 {[%clk 0:20:39]} f5 {[%clk 0:00:41]} 38.Qxf5 {[%clk 0:21:05]}
Rf8 {[%clk 0:00:41]} 39.Qe6+ {[%clk 0:21:22]} Kh8 {[%clk 0:00:42]}
40.Rxa6 {[%clk 0:43:25]} Bxf2+ {[%clk 0:31:00]} 41.Kh1 {[%clk 0:43:49]}
Qxb5 {[%clk 0:28:24]} 42.Rxa7 {[%clk 0:31:09]} Bxa7 {[%clk 0:28:31]}
43.h4 {[%clk 0:29:15]} Qe2 {[%clk 0:03:04]} 44.Kh2 {[%clk 0:27:49]} 1-0

[Event "Team men PL"]
[Site "Sochi"]
[Date "2020.11.21"]
[Round "3.29"]
[White "Alexeev, Alexey"]
[Black "Popov, Ivan"]
[Result "0-1"]
[BlackElo "2636"]
[WhiteElo "2246"]
[LiveChessVersion "1.4.8"]

1.e4 {[%clk 1:30:58]} c5 {[%clk 1:30:53]} 2.Nf3 {[%clk 1:31:17]}
e6 {[%clk 1:31:06]} 3.g3 {[%clk 1:31:33]} Nc6 {[%clk 1:30:57]}
4.Bg2 {[%clk 1:31:55]} Nf6 {[%clk 1:31:13]} 5.Qe2 {[%clk 1:32:06]}
e5 {[%clk 1:31:07]} 6.O-O {[%clk 1:30:00]} Be7 {[%clk 1:31:03]}
7.d3 {[%clk 1:26:18]} h6 {[%clk 1:25:57]} 8.Na3 {[%clk 1:23:12]}
O-O {[%clk 1:25:51]} 9.Nc4 {[%clk 1:22:23]} d6 {[%clk 1:26:05]}
10.c3 {[%clk 1:21:48]} Re8 {[%clk 1:24:57]} 11.Ne3 {[%clk 1:16:30]}
Bf8 {[%clk 1:22:34]} 12.Nh4 {[%clk 1:13:02]} Be6 {[%clk 1:13:17]}
13.Qf3 {[%clk 1:03:42]} g6 {[%clk 1:03:59]} 14.h3 {[%clk 0:54:59]}
Bg7 {[%clk 1:01:25]} 15.Kh2 {[%clk 0:52:48]} Kh7 {[%clk 0:51:50]}
16.Bd2 {[%clk 0:47:17]} b5 {[%clk 0:45:07]} 17.a3 {[%clk 0:38:50]}
a5 {[%clk 0:40:04]} 18.Be1 {[%clk 0:25:06]} Rb8 {[%clk 0:31:23]}
19.Qe2 {[%clk 0:22:40]} d5 {[%clk 0:31:20]} 20.f4 {[%clk 0:22:39]}
d4 {[%clk 0:23:36]} 21.f5 {[%clk 0:20:32]} Bb3 {[%clk 0:22:31]}
22.fxg6+ {[%clk 0:18:10]} fxg6 {[%clk 0:22:56]} 23.Ng4 {[%clk 0:17:54]}
Be6 {[%clk 0:18:36]} 24.Nxf6+ {[%clk 0:12:37]} Bxf6 {[%clk 0:19:03]}
25.Bf3 {[%clk 0:12:38]} Qd7 {[%clk 0:14:39]} 26.Bg4 {[%clk 0:10:46]}
Bxg4 {[%clk 0:14:45]} 27.hxg4 {[%clk 0:10:28]} Rf8 {[%clk 0:14:14]}
28.Bd2 {[%clk 0:10:11]} Rbd8 {[%clk 0:12:57]} 29.Rac1 {[%clk 0:04:56]}
dxc3 {[%clk 0:11:38]} 30.Rxc3 {[%clk 0:05:15]} Nd4 {[%clk 0:12:03]}
31.Qd1 {[%clk 0:05:20]} Bxh4 {[%clk 0:07:40]} 32.gxh4 {[%clk 0:05:14]}
Qe7 {[%clk 0:07:35]} 33.Kg3 {[%clk 0:03:16]} Rxf1 {[%clk 0:07:29]}
34.Qxf1 {[%clk 0:03:29]} Rf8 {[%clk 0:07:58]} 35.Qg2 {[%clk 0:03:10]}
Rf3+ {[%clk 0:07:49]} 36.Qxf3 {[%clk 0:03:21]} Nxf3 {[%clk 0:08:13]}
37.Kxf3 {[%clk 0:03:47]} Qxh4 {[%clk 0:08:33]} 38.Rxc5 {[%clk 0:04:05]}
Qh3+ {[%clk 0:08:40]} 39.Ke2 {[%clk 0:03:56]} Qg2+ {[%clk 0:09:04]} 0-1

[Event "Team men PL"]
[Site "Sochi"]
[Date "2020.11.21"]
[Round "3.30"]
[White "Grachev, Boris"]
[Black "Pervakov, Sergey"]
[Result "1-0"]
[BlackElo "2067"]
[WhiteElo "2612"]
[LiveChessVersion "1.4.8"]

1.d4 {[%clk 1:30:50]} g6 {[%clk 1:30:47]} 2.Nf3 {[%clk 1:30:42]}
Bg7 {[%clk 1:31:10]} 3.e4 {[%clk 1:28:51]} d6 {[%clk 1:31:30]}
4.Bd3 {[%clk 1:28:29]} Nf6 {[%clk 1:31:45]} 5.O-O {[%clk 1:28:29]}
O-O {[%clk 1:32:02]} 6.Re1 {[%clk 1:28:48]} Nc6 {[%clk 1:28:49]}
7.d5 {[%clk 1:27:55]} Nb8 {[%clk 1:25:47]} 8.c4 {[%clk 1:27:33]}
e5 {[%clk 1:20:47]} 9.Nc3 {[%clk 1:26:20]} Na6 {[%clk 1:16:33]}
10.Rb1 {[%clk 1:17:37]} Nc5 {[%clk 0:57:28]} 11.Bc2 {[%clk 1:17:02]}
a5 {[%clk 0:57:21]} 12.a3 {[%clk 1:16:16]} Nh5 {[%clk 0:54:56]}
13.b4 {[%clk 1:09:05]} axb4 {[%clk 0:47:13]} 14.axb4 {[%clk 1:07:07]}
Na6 {[%clk 0:44:22]} 15.Bg5 {[%clk 0:56:59]} Bf6 {[%clk 0:40:05]}
16.Be3 {[%clk 0:55:39]} Be7 {[%clk 0:27:37]} 17.Qd2 {[%clk 0:47:38]}
Bg4 {[%clk 0:21:19]} 18.Bd1 {[%clk 0:45:55]} Nf4 {[%clk 0:09:18]}
19.h3 {[%clk 0:40:54]} Nxh3+ {[%clk 0:06:32]} 20.gxh3 {[%clk 0:40:40]}
Bxh3 {[%clk 0:06:53]} 21.Bh6 {[%clk 0:38:33]} Qd7 {[%clk 0:03:20]}
22.Ng5 {[%clk 0:36:43]} Bxg5 {[%clk 0:02:58]} 23.Qxg5 {[%clk 0:36:57]}
f5 {[%clk 0:00:59]} 24.Re3 {[%clk 0:35:02]} f4 {[%clk 0:00:45]}
25.Rxh3 {[%clk 0:34:28]} Qxh3 {[%clk 0:00:56]} 26.Bg4 {[%clk 0:34:30]}
 1-0

[Event "Team men PL"]
[Site "Sochi"]
[Date "2020.11.22"]
[Round "4.1"]
[White "Vitiugov, Nikita"]
[Black "Najer, Evgeniy"]
[Result "1/2-1/2"]
[BlackElo "2648"]
[WhiteElo "2722"]
[LiveChessVersion "1.4.8"]

1.d4 {[%clk 1:30:34]} Nf6 {[%clk 1:30:44]} 2.Nf3 {[%clk 1:30:33]}
g6 {[%clk 1:30:44]} 3.c4 {[%clk 1:30:30]} Bg7 {[%clk 1:30:56]}
4.Nc3 {[%clk 1:28:14]} d5 {[%clk 1:30:46]} 5.h4 {[%clk 1:28:38]}
dxc4 {[%clk 1:26:04]} 6.e4 {[%clk 1:28:37]} c5 {[%clk 1:25:22]}
7.d5 {[%clk 1:28:58]} b5 {[%clk 1:23:19]} 8.h5 {[%clk 1:29:05]}
Nxh5 {[%clk 1:23:21]} 9.Nxb5 {[%clk 1:27:48]} O-O {[%clk 1:23:42]}
10.Bxc4 {[%clk 1:24:57]} Bg4 {[%clk 1:23:10]} 11.O-O {[%clk 1:22:38]}
Nd7 {[%clk 1:22:19]} 12.Be2 {[%clk 1:19:10]} Qb8 {[%clk 1:07:46]}
13.d6 {[%clk 1:05:04]} exd6 {[%clk 0:58:49]} 14.Nxd6 {[%clk 1:04:05]}
Ne5 {[%clk 0:41:51]} 15.Nxe5 {[%clk 1:02:37]} Bxe2 {[%clk 0:42:15]}
16.Qxe2 {[%clk 1:02:37]} Qxd6 {[%clk 0:42:04]} 17.Nc4 {[%clk 0:54:48]}
Qe6 {[%clk 0:42:07]} 18.e5 {[%clk 0:52:04]} Nf6 {[%clk 0:36:55]}
19.b3 {[%clk 0:44:34]} Ng4 {[%clk 0:25:30]} 20.Bb2 {[%clk 0:39:58]}
f6 {[%clk 0:18:29]} 21.Rad1 {[%clk 0:30:10]} fxe5 {[%clk 0:14:00]}
22.Rd6 {[%clk 0:23:50]} Qf5 {[%clk 0:14:25]} 23.f3 {[%clk 0:23:54]}
Nh6 {[%clk 0:12:42]} 24.Rd5 {[%clk 0:19:10]} Qf4 {[%clk 0:11:43]}
25.Bxe5 {[%clk 0:16:05]} Rae8 {[%clk 0:11:33]} 26.Qe4 {[%clk 0:09:07]}
Qxe4 {[%clk 0:03:49]} 27.fxe4 {[%clk 0:09:31]} Rxf1+ {[%clk 0:04:04]}
28.Kxf1 {[%clk 0:09:59]} Bf8 {[%clk 0:04:24]} 29.Ke2 {[%clk 0:07:21]}
Nf7 {[%clk 0:03:34]} 30.Kd3 {[%clk 0:07:00]} Nxe5+ {[%clk 0:02:59]}
31.Nxe5 {[%clk 0:06:40]} Re6 {[%clk 0:03:17]} 32.Nd7 {[%clk 0:05:02]}
Rc6 {[%clk 0:02:41]} 33.Nxf8 {[%clk 0:03:36]} Kxf8 {[%clk 0:03:10]}
34.Rd8+ {[%clk 0:01:59]} Ke7 {[%clk 0:02:46]} 35.Rh8 {[%clk 0:02:27]}
Rd6+ {[%clk 0:01:01]} 36.Kc3 {[%clk 0:01:59]} h5 {[%clk 0:01:12]}
37.Rh7+ {[%clk 0:02:23]} Kf6 {[%clk 0:01:02]} 38.Rxa7 {[%clk 0:02:49]}
Rd1 {[%clk 0:00:40]} 39.Ra6+ {[%clk 0:01:12]} Kg5 {[%clk 0:01:07]}
40.Ra5 {[%clk 0:31:16]} Kf4 {[%clk 0:30:48]} 41.Rxc5 {[%clk 0:23:10]}
Rg1 {[%clk 0:29:54]} 42.b4 {[%clk 0:18:14]} Rxg2 {[%clk 0:30:11]}
43.Kb3 {[%clk 0:14:12]} Rg3+ {[%clk 0:21:41]} 44.Ka4 {[%clk 0:12:46]}
Rg2 {[%clk 0:15:37]} 45.Kb3 {[%clk 0:12:24]} Rg3+ {[%clk 0:15:58]}
46.Ka4 {[%clk 0:10:54]} Rg2 {[%clk 0:15:16]} 1/2-1/2

[Event "Team men PL"]
[Site "Sochi"]
[Date "2020.11.22"]
[Round "4.2"]
[White "Malakhov, Vladimir"]
[Black "Matlakov, Maxim"]
[Result "0-1"]
[BlackElo "2685"]
[WhiteElo "2676"]
[LiveChessVersion "1.4.8"]

1.Nf3 {[%clk 1:30:45]} d5 {[%clk 1:30:38]} 2.e3 {[%clk 1:31:06]}
Nf6 {[%clk 1:30:50]} 3.c4 {[%clk 1:31:29]} e6 {[%clk 1:31:14]}
4.Nc3 {[%clk 1:31:40]} b6 {[%clk 1:30:43]} 5.b3 {[%clk 1:30:08]}
Bb7 {[%clk 1:30:29]} 6.Bb2 {[%clk 1:30:29]} Nbd7 {[%clk 1:30:24]}
7.cxd5 {[%clk 1:26:33]} exd5 {[%clk 1:30:17]} 8.d4 {[%clk 1:26:58]}
Bd6 {[%clk 1:29:49]} 9.Rc1 {[%clk 1:27:22]} a6 {[%clk 1:29:29]}
10.g3 {[%clk 1:27:44]} Qe7 {[%clk 1:28:23]} 11.Bg2 {[%clk 1:28:03]}
O-O-O {[%clk 1:27:10]} 12.Qc2 {[%clk 1:07:54]} Kb8 {[%clk 1:18:26]}
13.O-O {[%clk 1:07:46]} Ne4 {[%clk 1:12:15]} 14.Nxe4 {[%clk 0:59:48]}
dxe4 {[%clk 1:12:28]} 15.Nd2 {[%clk 1:00:05]} f5 {[%clk 1:10:00]}
16.Nc4 {[%clk 1:00:29]} h5 {[%clk 1:08:34]} 17.Nxd6 {[%clk 0:46:07]}
Qxd6 {[%clk 1:03:53]} 18.f3 {[%clk 0:46:22]} Nf6 {[%clk 0:45:30]}
19.fxe4 {[%clk 0:46:27]} fxe4 {[%clk 0:32:39]} 20.Rf5 {[%clk 0:44:41]}
h4 {[%clk 0:28:01]} 21.Qf2 {[%clk 0:35:05]} Ng4 {[%clk 0:18:34]}
22.Qe2 {[%clk 0:34:45]} Nxh2 {[%clk 0:13:09]} 23.Kxh2 {[%clk 0:34:51]}
hxg3+ {[%clk 0:13:27]} 24.Kg1 {[%clk 0:35:14]} Qh6 {[%clk 0:13:53]}
25.Rf7 {[%clk 0:21:44]} Bd5 {[%clk 0:07:57]} 26.Rcxc7 {[%clk 0:02:35]}
Bxf7 {[%clk 0:08:06]} 27.Rxf7 {[%clk 0:02:37]} Rdf8 {[%clk 0:06:15]}
28.Qc4 {[%clk 0:03:01]} Qxe3+ {[%clk 0:05:54]} 29.Kf1 {[%clk 0:03:27]}
Rxf7+ {[%clk 0:06:03]} 30.Qxf7 {[%clk 0:03:47]} Qd3+ {[%clk 0:06:26]}
31.Kg1 {[%clk 0:04:07]} Qe3+ {[%clk 0:03:22]} 32.Kf1 {[%clk 0:04:35]}
Rc8 {[%clk 0:01:42]} 33.Bh3 {[%clk 0:01:35]} Qd3+ {[%clk 0:01:34]}
34.Kg1 {[%clk 0:02:04]} Qb1+ {[%clk 0:01:31]} 35.Kg2 {[%clk 0:02:15]}
Qxb2+ {[%clk 0:01:19]} 36.Kxg3 {[%clk 0:02:41]} Qc3+ {[%clk 0:01:31]} 0-1

[Event "Team men PL"]
[Site "Sochi"]
[Date "2020.11.22"]
[Round "4.3"]
[White "Fedoseev, Vladimir"]
[Black "Predke, Alexandr"]
[Result "1/2-1/2"]
[BlackElo "2696"]
[WhiteElo "2676"]
[LiveChessVersion "1.4.8"]

1.d4 {[%clk 1:30:28]} Nf6 {[%clk 1:28:44]} 2.c4 {[%clk 1:30:36]}
e6 {[%clk 1:29:10]} 3.Nf3 {[%clk 1:30:50]} d5 {[%clk 1:29:34]}
4.Nc3 {[%clk 1:30:22]} Bb4 {[%clk 1:29:55]} 5.Qa4+ {[%clk 1:30:22]}
Nc6 {[%clk 1:30:19]} 6.e3 {[%clk 1:30:39]} O-O {[%clk 1:30:28]}
7.Qc2 {[%clk 1:31:00]} Re8 {[%clk 1:30:45]} 8.Bd2 {[%clk 1:30:37]}
Bf8 {[%clk 1:30:12]} 9.Be2 {[%clk 1:27:34]} Nb4 {[%clk 1:21:54]}
10.Qb1 {[%clk 1:27:43]} dxc4 {[%clk 1:20:37]} 11.Bxc4 {[%clk 1:27:55]}
b6 {[%clk 1:20:17]} 12.a3 {[%clk 1:22:35]} Ba6 {[%clk 1:18:37]}
13.Be2 {[%clk 1:20:59]} Bxe2 {[%clk 1:18:31]} 14.Nxe2 {[%clk 1:21:17]}
Na6 {[%clk 1:17:39]} 15.b4 {[%clk 1:12:19]} c5 {[%clk 1:15:22]}
16.O-O {[%clk 1:10:07]} cxd4 {[%clk 1:03:10]} 17.Nexd4 {[%clk 1:05:59]}
Rc8 {[%clk 1:02:15]} 18.Rc1 {[%clk 1:01:21]} Qd5 {[%clk 0:59:34]}
19.Qb3 {[%clk 0:58:08]} Qxb3 {[%clk 0:47:43]} 20.Nxb3 {[%clk 0:58:29]}
Nb8 {[%clk 0:47:48]} 21.Bc3 {[%clk 0:48:13]} Ne4 {[%clk 0:46:17]}
22.Be5 {[%clk 0:48:19]} Nd7 {[%clk 0:36:34]} 23.Bc7 {[%clk 0:41:37]}
Ndc5 {[%clk 0:33:15]} 24.Nxc5 {[%clk 0:36:15]} Nxc5 {[%clk 0:24:37]}
25.bxc5 {[%clk 0:36:05]} Rxc7 {[%clk 0:25:04]} 26.cxb6 {[%clk 0:36:27]}
Rxc1+ {[%clk 0:25:30]} 27.Rxc1 {[%clk 0:36:48]} axb6 {[%clk 0:25:41]}
28.Rb1 {[%clk 0:37:14]} Bc5 {[%clk 0:19:57]} 29.Ne5 {[%clk 0:35:55]}
Ra8 {[%clk 0:19:23]} 30.g3 {[%clk 0:34:01]} Rxa3 {[%clk 0:18:16]}
31.Nd7 {[%clk 0:34:18]} Ra8 {[%clk 0:17:45]} 32.Rb5 {[%clk 0:34:34]}
h5 {[%clk 0:17:18]} 33.Nxc5 {[%clk 0:34:19]} bxc5 {[%clk 0:17:37]}
34.Rxc5 {[%clk 0:34:47]} g6 {[%clk 0:18:03]} 35.h4 {[%clk 0:35:07]}
Kg7 {[%clk 0:18:30]} 36.Kg2 {[%clk 0:35:25]} Ra2 {[%clk 0:18:55]}
37.Rb5 {[%clk 0:35:48]} Rc2 {[%clk 0:19:22]} 38.Ra5 {[%clk 0:36:13]}
Rb2 {[%clk 0:19:48]} 39.Rc5 {[%clk 0:36:36]} Rb8 {[%clk 0:20:13]}
40.Rc1 {[%clk 1:07:02]} Rh8 {[%clk 0:50:39]} 41.Rh1 {[%clk 1:07:26]} 1/2-1/2

[Event "Team men PL"]
[Site "Sochi"]
[Date "2020.11.22"]
[Round "4.4"]
[White "Esipenko, Andrey"]
[Black "Sakaev, Konstantin"]
[Result "1-0"]
[BlackElo "2612"]
[WhiteElo "2683"]
[LiveChessVersion "1.4.8"]

1.e4 {[%clk 1:30:54]} c5 {[%clk 1:30:50]} 2.Nf3 {[%clk 1:31:13]}
d6 {[%clk 1:31:12]} 3.d4 {[%clk 1:31:38]} cxd4 {[%clk 1:31:36]}
4.Nxd4 {[%clk 1:32:05]} Nf6 {[%clk 1:31:57]} 5.Nc3 {[%clk 1:32:29]}
a6 {[%clk 1:32:22]} 6.Be2 {[%clk 1:32:53]} e5 {[%clk 1:32:11]}
7.Nb3 {[%clk 1:33:15]} Be7 {[%clk 1:32:36]} 8.O-O {[%clk 1:33:33]}
O-O {[%clk 1:32:44]} 9.Qd3 {[%clk 1:33:49]} Be6 {[%clk 1:31:43]}
10.Bd2 {[%clk 1:33:42]} Nbd7 {[%clk 1:29:37]} 11.Nd5 {[%clk 1:33:49]}
Bxd5 {[%clk 1:29:22]} 12.exd5 {[%clk 1:34:12]} a5 {[%clk 1:22:40]}
13.a4 {[%clk 1:32:35]} Ne8 {[%clk 1:19:24]} 14.Qh3 {[%clk 1:28:12]}
Ndf6 {[%clk 1:15:25]} 15.Rfd1 {[%clk 1:24:09]} g6 {[%clk 1:09:30]}
16.Bh6 {[%clk 1:10:20]} Ng7 {[%clk 1:09:09]} 17.Nd2 {[%clk 1:10:42]}
Qc7 {[%clk 0:55:19]} 18.Nc4 {[%clk 1:01:00]} Rfe8 {[%clk 0:52:21]}
19.g4 {[%clk 0:49:28]} Ne4 {[%clk 0:48:01]} 20.Qg2 {[%clk 0:47:06]}
Nc5 {[%clk 0:46:52]} 21.b3 {[%clk 0:47:08]} Nd7 {[%clk 0:39:49]}
22.Kh1 {[%clk 0:45:33]} Nb6 {[%clk 0:35:46]} 23.Ne3 {[%clk 0:45:24]}
Qd8 {[%clk 0:21:13]} 24.Bb5 {[%clk 0:24:41]} Rf8 {[%clk 0:21:36]}
25.Nf5 {[%clk 0:25:06]} Bf6 {[%clk 0:21:24]} 26.Rg1 {[%clk 0:25:25]}
Nxf5 {[%clk 0:17:29]} 27.gxf5 {[%clk 0:25:36]} Bg7 {[%clk 0:17:55]}
28.Bg5 {[%clk 0:25:56]} Bf6 {[%clk 0:18:14]} 29.Be3 {[%clk 0:26:13]}
Kh8 {[%clk 0:17:17]} 30.Bd3 {[%clk 0:22:33]} g5 {[%clk 0:09:30]}
31.Be4 {[%clk 0:19:38]} Rg8 {[%clk 0:09:53]} 32.Qh3 {[%clk 0:19:38]}
Nd7 {[%clk 0:10:08]} 33.Qh5 {[%clk 0:18:13]} Rg7 {[%clk 0:05:10]}
34.h4 {[%clk 0:14:02]} gxh4 {[%clk 0:02:15]} 35.Bh6 {[%clk 0:11:42]}
Rxg1+ {[%clk 0:00:39]} 36.Rxg1 {[%clk 0:12:07]} Qe8 {[%clk 0:00:48]}
37.Bd3 {[%clk 0:10:12]} e4 {[%clk 0:01:04]} 38.Bb5 {[%clk 0:10:35]}
e3 {[%clk 0:01:31]} 39.Bxd7 {[%clk 0:10:34]} Qe4+ {[%clk 0:00:35]}
40.f3 {[%clk 0:40:40]} Qe5 {[%clk 0:30:36]} 41.Qxf7 {[%clk 0:40:39]}
e2 {[%clk 0:30:30]} 42.Bf8 {[%clk 0:40:55]} 1-0

[Event "Team men PL"]
[Site "Sochi"]
[Date "2020.11.22"]
[Round "4.5"]
[White "Ponkratov, Pavel"]
[Black "Inarkiev, Ernesto"]
[Result "1-0"]
[BlackElo "2661"]
[WhiteElo "2625"]
[LiveChessVersion "1.4.8"]

1.Nf3 {[%clk 1:30:56]} d5 {[%clk 1:29:17]} 2.c4 {[%clk 1:31:21]}
e6 {[%clk 1:28:58]} 3.g3 {[%clk 1:31:43]} Nf6 {[%clk 1:29:22]}
4.Bg2 {[%clk 1:32:10]} dxc4 {[%clk 1:23:38]} 5.Qa4+ {[%clk 1:29:33]}
Bd7 {[%clk 1:23:35]} 6.Qxc4 {[%clk 1:29:55]} c5 {[%clk 1:24:02]}
7.Ne5 {[%clk 1:27:55]} Qc7 {[%clk 1:24:22]} 8.d4 {[%clk 1:22:42]}
Bd6 {[%clk 1:09:00]} 9.Na3 {[%clk 1:03:52]} a6 {[%clk 0:55:51]}
10.Bf4 {[%clk 0:33:44]} b5 {[%clk 0:36:09]} 11.Qc3 {[%clk 0:25:34]}
Ra7 {[%clk 0:17:37]} 12.dxc5 {[%clk 0:23:55]} Qxc5 {[%clk 0:08:02]}
13.Qxc5 {[%clk 0:23:46]} Bxc5 {[%clk 0:08:29]} 14.Nd3 {[%clk 0:24:11]}
e5 {[%clk 0:08:42]} 15.Bxe5 {[%clk 0:24:29]} Nc6 {[%clk 0:09:04]}
16.Bxf6 {[%clk 0:21:50]} Bxa3 {[%clk 0:09:32]} 17.Bxg7 {[%clk 0:21:52]}
Rg8 {[%clk 0:10:01]} 18.Rc1 {[%clk 0:21:15]} Rxg7 {[%clk 0:06:10]}
19.Bxc6 {[%clk 0:21:38]} Bd6 {[%clk 0:06:38]} 20.Bxd7+ {[%clk 0:21:28]}
Kxd7 {[%clk 0:07:07]} 21.O-O {[%clk 0:21:24]} Rg8 {[%clk 0:05:00]}
22.Rfd1 {[%clk 0:21:43]} Re8 {[%clk 0:05:29]} 23.Nc5+ {[%clk 0:18:31]}
Ke7 {[%clk 0:05:54]} 24.Rc3 {[%clk 0:18:55]} Rd8 {[%clk 0:03:49]}
25.Re3+ {[%clk 0:16:32]} Kf8 {[%clk 0:04:18]} 26.Red3 {[%clk 0:16:56]}
Ke7 {[%clk 0:04:46]} 27.Kg2 {[%clk 0:17:06]} Bc7 {[%clk 0:03:31]}
28.Rd7+ {[%clk 0:16:24]} Ke8 {[%clk 0:03:57]} 29.R1d3 {[%clk 0:15:37]}
a5 {[%clk 0:04:26]} 30.Kf3 {[%clk 0:13:29]} a4 {[%clk 0:04:50]}
31.Kg4 {[%clk 0:11:50]} b4 {[%clk 0:03:41]} 32.b3 {[%clk 0:11:20]}
a3 {[%clk 0:02:27]} 33.h4 {[%clk 0:11:05]} h6 {[%clk 0:02:13]}
34.h5 {[%clk 0:11:05]} Rc8 {[%clk 0:01:12]} 35.Re3+ {[%clk 0:11:29]}
Kf8 {[%clk 0:01:41]} 36.Rf3 {[%clk 0:11:34]} Bb6 {[%clk 0:01:50]}
37.Rfxf7+ {[%clk 0:09:55]} Kg8 {[%clk 0:02:19]} 38.Rg7+ {[%clk 0:08:14]}
Kh8 {[%clk 0:02:45]} 39.Rh7+ {[%clk 0:08:40]} Kg8 {[%clk 0:03:12]}
40.Ne4 {[%clk 0:38:52]} 1-0